[Event "26th Klatovy A 2018"]
[Site "Klatovy CZE"]
[Date "2018.06.30"]
[Round "1.1"]
[White "Krzyzanowski, Marcin"]
[Black "Strnad, Jakub"]
[Result "1-0"]
[WhiteElo "2473"]
[BlackElo "2055"]
[PlyCount "39"]
[EventDate "2018.06.30"]
[EventType "swiss"]
[EventRounds "9"]
[EventCountry "CZE"]

1. e4 e5 2. Bc4 Nf6 3. d3 Nc6 4. Nc3 h6 5. f4 d6 6. Nf3 a6 7. a4 Be7 8. O-O O-O 9. f5 Re8 10. Kh1 Nd4 11. Nxd4 exd4 12. Nd5 Bd7 13. Nxf6+ Bxf6 14. Qg4 Bg5 15. Qh5 Rf8 16. h4 Bxh4 17. Bxh6 Qf6 18. Bf4 g6 19. fxg6 Qh8 20. Bh6 1-0

[Event "26th Klatovy A 2018"]
[Site "Klatovy CZE"]
[Date "2018.06.30"]
[Round "1.2"]
[White "Molkanov, Oleg 2001"]
[Black "Neuman, Petr"]
[Result "0-1"]
[WhiteElo "2051"]
[BlackElo "2432"]
[PlyCount "97"]
[EventDate "2018.06.30"]
[EventType "swiss"]
[EventRounds "9"]
[EventCountry "CZE"]

1. Nf3 d6 2. d4 Bg4 3. g3 Nd7 4. Bg2 c6 5. O-O e5 6. dxe5 dxe5 7. Be3 Ngf6 8. c4 h6 9. Nc3 Be6 10. b3 Be7 11. h3 O-O 12. Qc2 Qc7 13. Nh4 Bc5 14. Bxc5 Nxc5 15. Nf5 a5 16. Rfd1 Rfd8 17. Rac1 Rxd1+ 18. Rxd1 Rd8 19. g4 Rxd1+ 20. Nxd1 Bxf5 21. Qxf5 Qd7 22. Qxd7 Nfxd7 23. Nc3 Nb8 24. Ne4 Nba6 25. Kf1 Kf8 26. Ke1 Ke7 27. Kd2 Ne6 28. e3 g6 29. Ng3 Nec5 30. Kc3 Ne6 31. a3 Nac7 32. b4 Ne8 33. c5 N8c7 34. Ne4 Nb5+ 35. Kb3 axb4 36. axb4 f5 37. Nc3 Nxc3 38. Kxc3 fxg4 39. hxg4 h5 40. gxh5 gxh5 41. Kc4 Nc7 42. Bh3 h4 43. f4 exf4 44. exf4 Nd5 45. Bc8 b5+ 46. Kd4 Nxf4 47. Bg4 Nd5 48. Ke4 Nf6+ 49. Kd4 0-1

[Event "26th Klatovy A 2018"]
[Site "Klatovy CZE"]
[Date "2018.06.30"]
[Round "1.3"]
[White "Xu, XianLiang"]
[Black "Kusa, Jakub"]
[Result "1-0"]
[WhiteElo "2430"]
[BlackElo "2046"]
[PlyCount "45"]
[EventDate "2018.06.30"]
[EventType "swiss"]
[EventRounds "9"]
[EventCountry "CZE"]

1. c4 Nf6 2. g3 e6 3. Nf3 b6 4. Bg2 Bb7 5. O-O Be7 6. b3 O-O 7. Bb2 c5 8. d3 d5 9. cxd5 exd5 10. d4 Nc6 11. Nc3 Ne4 12. dxc5 Nxc3 13. Bxc3 Bxc5 14. e3 Qd6 15. Nh4 Ne5 16. f4 Bxe3+ 17. Kh1 Ng6 18. Nf5 Qc7 19. Bxg7 Rfe8 20. Bd4 Bxd4 21. Qxd4 f6 22. Qxf6 Qf7 23. Nh6+ 1-0

[Event "26th Klatovy A 2018"]
[Site "Klatovy CZE"]
[Date "2018.06.30"]
[Round "1.4"]
[White "Stolc, Martin"]
[Black "Bures, Jaroslav"]
[Result "0-1"]
[WhiteElo "2043"]
[BlackElo "2406"]
[PlyCount "78"]
[EventDate "2018.06.30"]
[EventType "swiss"]
[EventRounds "9"]
[EventCountry "CZE"]

1. d4 Nf6 2. Nf3 e6 3. g3 c5 4. c3 b6 5. Bg2 Bb7 6. O-O Be7 7. Nbd2 cxd4 8. cxd4 O-O 9. a3 d5 10. Ne5 Nc6 11. Ndf3 Nxe5 12. Nxe5 Rc8 13. Qa4 a6 14. Bf4 b5 15. Qd1 a5 16. Qd3 Qb6 17. Rfc1 h6 18. g4 Rfd8 19. Rxc8 Rxc8 20. Rc1 Rxc1+ 21. Bxc1 b4 22. g5 hxg5 23. Bxg5 Ba6 24. Qd1 bxa3 25. bxa3 Bxa3 26. Bxf6 gxf6 27. Nd7 Qd8 28. Qa4 Bb4 29. e3 Kg7 30. Qc6 Qc8 31. Qxc8 Bxc8 32. Nb6 Bb7 33. Bf1 Bc6 34. Bd3 a4 35. Nxa4 Bxa4 36. f4 Bd1 37. Kf2 f5 38. Bb5 Kf8 39. Bc6 Ke7 0-1

[Event "26th Klatovy A 2018"]
[Site "Klatovy CZE"]
[Date "2018.06.30"]
[Round "1.5"]
[White "Pulpan, Jakub"]
[Black "Svanda, Ondrej"]
[Result "1-0"]
[WhiteElo "2386"]
[BlackElo "2043"]
[PlyCount "135"]
[EventDate "2018.06.30"]
[EventType "swiss"]
[EventRounds "9"]
[EventCountry "CZE"]

1. c4 c5 2. g3 Nc6 3. Bg2 g6 4. Nc3 Bg7 5. Nf3 d6 6. O-O e5 7. e3 Be6 8. d4 Bxc4 9. Re1 Nge7 10. d5 Nb4 11. a3 Nbxd5 12. Qa4+ b5 13. Nxb5 Bxb5 14. Qxb5+ Qd7 15. Qb3 O-O 16. Rd1 Nb6 17. a4 Qc7 18. a5 Nd7 19. Nd2 Rab8 20. Qd3 Nf6 21. b3 d5 22. Bb2 Nc6 23. Rdc1 Nb4 24. Qe2 Rfd8 25. Nf3 Ne4 26. Ne1 Nd6 27. Ra4 Rdc8 28. Ba3 Qd7 29. Nd3 Qb5 30. Bxb4 cxb4 31. Rd1 Ne4 32. Rxb4 Qxa5 33. Bxe4 dxe4 34. Rxe4 Rxb3 35. Ne1 Qc5 36. Ra4 Ra3 37. Qa6 Rxa4 38. Qxa4 Bf8 39. Nf3 Qc6 40. Qxc6 Rxc6 41. Nxe5 Rc5 42. Nd7 Ra5 43. f4 Kg7 44. Ne5 Bc5 45. Rd7 Bxe3+ 46. Kg2 Ra2+ 47. Kf3 Bb6 48. Rxf7+ Kg8 49. Rd7 Rxh2 50. Ng4 Rh1 51. Nf6+ Kf8 52. Nxh7+ Kg8 53. Nf6+ Kf8 54. Kg4 Rg1 55. Ne4 Re1 56. Nf6 Rg1 57. Nh7+ Kg8 58. Ng5 Kf8 59. Nf3 Rg2 60. Nh4 Rg1 61. Nxg6+ Kg8 62. Kg5 Rc1 63. g4 Be3 64. Rd8+ Kg7 65. Rd7+ Kg8 66. Ne7+ Kf8 67. Nd5 Rc5 68. Kg6 1-0

[Event "26th Klatovy A 2018"]
[Site "Klatovy CZE"]
[Date "2018.06.30"]
[Round "1.6"]
[White "Cmiko, Jakub"]
[Black "Straka, Vojtech"]
[Result "0-1"]
[WhiteElo "2015"]
[BlackElo "2379"]
[PlyCount "44"]
[EventDate "2018.06.30"]
[EventType "swiss"]
[EventRounds "9"]
[EventCountry "CZE"]

1. d4 Nf6 2. c4 e6 3. Nc3 c5 4. Nf3 d5 5. cxd5 Nxd5 6. e4 Nxc3 7. bxc3 cxd4 8. cxd4 Bb4+ 9. Bd2 Bxd2+ 10. Qxd2 O-O 11. Be2 b6 12. O-O Bb7 13. Qe3 Nd7 14. Rfd1 Nf6 15. Bd3 Rc8 16. d5 exd5 17. e5 d4 18. Nxd4 Nd5 19. Qe4 g6 20. Nb5 Nc3 21. Qxb7 Nxd1 22. Rxd1 Qxd3 0-1

[Event "26th Klatovy A 2018"]
[Site "Klatovy CZE"]
[Date "2018.06.30"]
[Round "1.7"]
[White "Simek, Petr1"]
[Black "Richter, Martin1"]
[Result "1-0"]
[WhiteElo "2354"]
[BlackElo "2009"]
[PlyCount "51"]
[EventDate "2018.06.30"]
[EventType "swiss"]
[EventRounds "9"]
[EventCountry "CZE"]

1. d4 d5 2. c4 c6 3. Nf3 Nf6 4. Qc2 e6 5. Nbd2 Qa5 6. g3 dxc4 7. Qxc4 b5 8. Qb3 Bb7 9. Bg2 Nbd7 10. O-O c5 11. a4 a6 12. Nc4 bxc4 13. Qxb7 Rb8 14. Qc6 Qb6 15. Ne5 cxd4 16. Bg5 Qxc6 17. Bxc6 Rb6 18. a5 Rxb2 19. Bxf6 gxf6 20. Bxd7+ Ke7 21. Nxc4 Rxe2 22. Bc8 Bh6 23. Bxa6 Rb8 24. Nb6 Rc2 25. Bd3 Rc3 26. Rfd1 1-0

[Event "26th Klatovy A 2018"]
[Site "Klatovy CZE"]
[Date "2018.06.30"]
[Round "1.8"]
[White "Nagy, Ladislav1"]
[Black "Hollan, Martin"]
[Result "0-1"]
[WhiteElo "1996"]
[BlackElo "2341"]
[PlyCount "104"]
[EventDate "2018.06.30"]
[EventType "swiss"]
[EventRounds "9"]
[EventCountry "CZE"]

1. Nf3 Nf6 2. g3 d5 3. Bg2 c6 4. b3 Bf5 5. Bb2 e6 6. O-O Nbd7 7. d3 Bd6 8. Nbd2 Qe7 9. Re1 Ba3 10. Qc1 Bxb2 11. Qxb2 a5 12. e4 dxe4 13. dxe4 Bg6 14. Ne5 O-O 15. Ndc4 Qc5 16. a3 Nxe5 17. Qxe5 Qxe5 18. Nxe5 Rfd8 19. Nxg6 hxg6 20. e5 Nd5 21. c4 Nc7 22. Red1 Na6 23. f4 g5 24. fxg5 Nc5 25. b4 Nd3 26. g6 fxg6 27. b5 Rac8 28. bxc6 bxc6 29. c5 Kf7 30. Rab1 Nxe5 31. Rb7+ Kg8 32. Rf1 Rd7 33. Rxd7 Nxd7 34. Rd1 Nxc5 35. Rd6 Kf7 36. Rxc6 Rxc6 37. Bxc6 g5 38. Kf2 Kf6 39. Ke3 Ke5 40. Bg2 Nd7 41. Kd3 Nb6 42. Kc3 Kd6 43. Bh3 Kd5 44. Bg2+ Kc5 45. Bf1 e5 46. Ba6 e4 47. h4 gxh4 48. gxh4 Nd5+ 49. Kd2 Kd4 50. Ke2 Nc3+ 51. Ke1 Nb1 52. a4 Nc3 0-1

[Event "26th Klatovy A 2018"]
[Site "Klatovy CZE"]
[Date "2018.06.30"]
[Round "1.9"]
[White "Hausner, Ivan"]
[Black "Brunova, Blanka"]
[Result "1-0"]
[WhiteElo "2321"]
[BlackElo "1994"]
[PlyCount "55"]
[EventDate "2018.06.30"]
[EventType "swiss"]
[EventRounds "9"]
[EventCountry "CZE"]

1. c4 Nf6 2. Nc3 g6 3. d4 Bg7 4. e4 O-O 5. Be3 d6 6. f3 Nc6 7. Nge2 Nd7 8. Qd2 e5 9. d5 Ne7 10. g4 Nb6 11. Nc1 f5 12. g5 Rf7 13. h4 Qf8 14. Be2 Bd7 15. Nb3 a5 16. c5 a4 17. cxb6 axb3 18. bxc7 b5 19. Nxb5 Rxa2 20. Rc1 Nc8 21. Qc3 fxe4 22. fxe4 Rf3 23. Na3 Rxb2 24. Qxb2 Rxe3 25. Rf1 Qe8 26. Rc4 Nb6 27. Rb4 Qa8 28. Nc4 1-0

[Event "26th Klatovy A 2018"]
[Site "Klatovy CZE"]
[Date "2018.06.30"]
[Round "1.10"]
[White "Kubat, Miroslav"]
[Black "Vyprachticky, David"]
[Result "0-1"]
[WhiteElo "1993"]
[BlackElo "2301"]
[PlyCount "82"]
[EventDate "2018.06.30"]
[EventType "swiss"]
[EventRounds "9"]
[EventCountry "CZE"]

1. e4 e5 2. Nc3 Nf6 3. f4 d5 4. fxe5 Nxe4 5. d3 Nxc3 6. bxc3 Be7 7. Nf3 O-O 8. Be2 f6 9. O-O Nc6 10. exf6 Bxf6 11. d4 Bf5 12. Bd3 Be4 13. Rb1 b6 14. Ba3 Re8 15. Nd2 Bxd3 16. cxd3 Qd7 17. Nf3 Re6 18. Qd2 Rae8 19. Rbe1 h6 20. Rxe6 Rxe6 21. Re1 Kf7 22. Kf2 Rxe1 23. Qxe1 Qf5 24. Qe2 Nd8 25. Kg1 Ne6 26. g3 g5 27. Ne5+ Bxe5 28. dxe5 g4 29. Qf2 Kg6 30. Qe3 Ng5 31. Kg2 c5 32. Bc1 Qf3+ 33. Qxf3 Nxf3 34. d4 cxd4 35. cxd4 Nxd4 36. h4 h5 37. Bb2 Nc6 38. Kf2 Kf5 39. Ke3 Nxe5 40. Kd4 Ke6 41. Bc1 Nc6+ 0-1

[Event "26th Klatovy A 2018"]
[Site "Klatovy CZE"]
[Date "2018.06.30"]
[Round "1.11"]
[White "Mejzlik, Ondrej"]
[Black "Hlavac, Rudolf"]
[Result "1-0"]
[WhiteElo "2287"]
[BlackElo "1987"]
[PlyCount "65"]
[EventDate "2018.06.30"]
[EventType "swiss"]
[EventRounds "9"]
[EventCountry "CZE"]

1. c4 Nf6 2. Nc3 e5 3. g3 d5 4. cxd5 Nxd5 5. Bg2 Be6 6. Nf3 Nc6 7. O-O Be7 8. d4 Nxc3 9. bxc3 e4 10. Ne5 Nxe5 11. dxe5 Qd5 12. Qa4+ c6 13. Bxe4 Qc4 14. Qxc4 Bxc4 15. Bd3 Be6 16. Be3 O-O 17. a4 Rad8 18. a5 Rd7 19. Rfb1 g6 20. Rb2 Bd8 21. Be4 Bc4 22. Kg2 Ba6 23. f4 f5 24. Bf3 Kf7 25. Bd4 Ke6 26. e4 Bc7 27. exf5+ gxf5 28. g4 Rg7 29. h3 h6 30. Kf2 Bd8 31. Ke3 Be7 32. gxf5+ Kxf5 33. Be4+ 1-0

[Event "26th Klatovy A 2018"]
[Site "Klatovy CZE"]
[Date "2018.06.30"]
[Round "1.12"]
[White "Bartonicek, Zdenek"]
[Black "Slovak, Kilian"]
[Result "0-1"]
[WhiteElo "1987"]
[BlackElo "2285"]
[PlyCount "82"]
[EventDate "2018.06.30"]
[EventType "swiss"]
[EventRounds "9"]
[EventCountry "CZE"]

1. e4 c5 2. Nf3 Nc6 3. c3 d5 4. exd5 Qxd5 5. d4 Bg4 6. Be2 e6 7. O-O Nf6 8. h3 Bh5 9. Na3 Be7 10. Nb5 Rc8 11. Bf4 O-O 12. dxc5 Bxc5 13. Nd6 Bxd6 14. Qxd5 Nxd5 15. Bxd6 Rfd8 16. Bg3 e5 17. Rfe1 Re8 18. Rad1 Rcd8 19. Bh4 f6 20. Bc4 Bf7 21. Nd2 Nf4 22. Bxf7+ Kxf7 23. Nc4 Ke6 24. f3 b5 25. Ne3 Rxd1 26. Rxd1 Rd8 27. Rxd8 Nxd8 28. Nd1 Nc6 29. Bf2 a6 30. Be3 Nd5 31. Kf2 Nce7 32. g3 g6 33. Bd2 f5 34. b3 Nc6 35. Nb2 b4 36. c4 Nc3 37. Bxc3 bxc3 38. Nd3 e4 39. fxe4 fxe4 40. Nc1 Ke5 41. Ke3 Nd4 0-1

[Event "26th Klatovy A 2018"]
[Site "Klatovy CZE"]
[Date "2018.06.30"]
[Round "1.13"]
[White "Jurek, Josef"]
[Black "Skopec, Lubos"]
[Result "1-0"]
[WhiteElo "2277"]
[BlackElo "1981"]
[PlyCount "119"]
[EventDate "2018.06.30"]
[EventType "swiss"]
[EventRounds "9"]
[EventCountry "CZE"]

1. Nf3 Nf6 2. c4 e6 3. g3 d5 4. Bg2 Be7 5. O-O O-O 6. d4 Nbd7 7. Qc2 c6 8. b3 b6 9. Rd1 Bb7 10. Nc3 Rc8 11. e4 c5 12. exd5 exd5 13. Bb2 Re8 14. dxc5 dxc4 15. Ne5 Bxg2 16. Kxg2 Qc7 17. Nxd7 Nxd7 18. Qf5 Nf6 19. bxc4 Bxc5 20. Qf3 Qe5 21. Re1 Qg5 22. Nd5 Nxd5 23. cxd5 Bb4 24. Rxe8+ Rxe8 25. Rd1 Qg6 26. d6 Qe6 27. Qd3 Bc5 28. d7 Rd8 29. a3 f6 30. Kg1 Kf7 31. a4 g6 32. Bc3 a5 33. Rd2 Kf8 34. Qf3 Rxd7 35. Rxd7 Qxd7 36. Qxf6+ Qf7 37. Qd8+ Qe8 38. Qf6+ Qf7 39. Qh8+ Ke7 40. Bd4 Kd7 41. Bxc5 bxc5 42. Qc3 Qd5 43. Qxa5 Qd1+ 44. Kg2 Qd5+ 45. f3 Qa2+ 46. Kh3 c4 47. Qd5+ Kc7 48. a5 Qc2 49. g4 Qd3 50. Qc5+ Kd7 51. Qb5+ Kc7 52. Qb6+ Kd7 53. Qb7+ Kd6 54. Qa6+ Kd7 55. Kg3 Qd4 56. Qb7+ Kd6 57. Qb4+ Kc6 58. a6 Qe5+ 59. Kh3 Qd5 60. Qb7+ 1-0

[Event "26th Klatovy A 2018"]
[Site "Klatovy CZE"]
[Date "2018.06.30"]
[Round "1.14"]
[White "Neuendorf, Max"]
[Black "Formanek, Martin"]
[Result "0-1"]
[WhiteElo "1981"]
[BlackElo "2267"]
[PlyCount "78"]
[EventDate "2018.06.30"]
[EventType "swiss"]
[EventRounds "9"]
[EventCountry "CZE"]

1. e4 c5 2. c3 Nf6 3. e5 Nd5 4. d4 cxd4 5. Nf3 e6 6. cxd4 b6 7. Nc3 Nxc3 8. bxc3 Qc7 9. Bd2 Be7 10. Bd3 Ba6 11. Bxa6 Nxa6 12. Qe2 Nb8 13. O-O O-O 14. c4 d6 15. Bf4 Nd7 16. exd6 Bxd6 17. Bxd6 Qxd6 18. Rfd1 Rac8 19. Rac1 h6 20. h3 Qb4 21. Rd2 Rc7 22. Rb2 Qa3 23. Rbc2 Rfc8 24. Rc3 Qa6 25. Qc2 Qb7 26. Qe2 Nf6 27. Nd2 Rd7 28. Nb3 Qa6 29. Qc2 Rdc7 30. Kh1 Nd5 31. Nc5 Rxc5 32. dxc5 Nxc3 33. Qxc3 Rxc5 34. Qd2 Qc8 35. Rc3 Rxc4 36. Rg3 Qc7 37. Qb2 f5 38. Qb5 Rc6 39. a4 Kh7 0-1

[Event "26th Klatovy A 2018"]
[Site "Klatovy CZE"]
[Date "2018.06.30"]
[Round "1.15"]
[White "Parizek, Vojtech"]
[Black "Odehnal, Jaroslav"]
[Result "1-0"]
[WhiteElo "2242"]
[BlackElo "1974"]
[PlyCount "111"]
[EventDate "2018.06.30"]
[EventType "swiss"]
[EventRounds "9"]
[EventCountry "CZE"]

1. e4 e5 2. Nf3 Nf6 3. Nc3 Nc6 4. d4 exd4 5. Nd5 Nxd5 6. exd5 Bb4+ 7. Bd2 Qe7+ 8. Qe2 Bxd2+ 9. Kxd2 Qxe2+ 10. Bxe2 Ne7 11. Bc4 O-O 12. Nxd4 d6 13. Rhe1 Ng6 14. Bd3 Bd7 15. g3 a6 16. c4 Ne5 17. Be2 c5 18. dxc6 Nxc6 19. Nc2 Rfe8 20. Kc3 Rac8 21. Rad1 Be6 22. Rxd6 Ne5 23. Na3 b5 24. f4 Nxc4 25. Bxc4 bxc4 26. Re4 h5 27. Rxa6 Red8 28. Nxc4 Rd1 29. b3 Rh1 30. Ra5 Rxh2 31. f5 Bd7 32. Re7 Be8 33. Rae5 Kf8 34. a4 Rh1 35. Kb2 Rb8 36. a5 Ba4 37. Nb6 Bc6 38. Rc7 Be8 39. Nd7+ Bxd7 40. Rxd7 Rg1 41. Ree7 Rxg3 42. Rxf7+ Kg8 43. Rb7 Ra8 44. b4 h4 45. f6 gxf6 46. Rxf6 h3 47. Rh6 Rf8 48. Rc7 Rf2+ 49. Rc2 Rf4 50. Rb6 Rh4 51. Rb7 Kh8 52. Rc8+ Rg8 53. Rxg8+ Kxg8 54. a6 h2 55. a7 Rxb4+ 56. Ka3 1-0

[Event "26th Klatovy A 2018"]
[Site "Klatovy CZE"]
[Date "2018.06.30"]
[Round "1.16"]
[White "Cekan, Petr1"]
[Black "Jedlicka, Ales"]
[Result "0-1"]
[WhiteElo "1966"]
[BlackElo "2221"]
[PlyCount "98"]
[EventDate "2018.06.30"]
[EventType "swiss"]
[EventRounds "9"]
[EventCountry "CZE"]

1. e4 c5 2. Nc3 Nc6 3. f4 g6 4. Nf3 Bg7 5. Bb5 Nd4 6. O-O a6 7. Bd3 d6 8. Nxd4 cxd4 9. Ne2 Nf6 10. Qe1 O-O 11. h3 e5 12. c3 dxc3 13. dxc3 b5 14. Qf2 Bb7 15. Ng3 d5 16. Re1 dxe4 17. Bc2 exf4 18. Bxf4 Nd5 19. Rad1 Qf6 20. Bxe4 Rad8 21. Bc1 Qxf2+ 22. Kxf2 Ba8 23. Bf3 Nb6 24. Bxa8 Rxd1 25. Rxd1 Rxa8 26. Ne4 a5 27. Rd6 Nc4 28. Rd5 b4 29. b3 Nb6 30. Rd6 bxc3 31. Rxb6 Bd4+ 32. Be3 Bxb6 33. Bxb6 c2 34. Be3 f5 35. Nc5 Rd8 36. Ke2 Rd1 37. Nd3 Kf7 38. a3 Ke6 39. b4 axb4 40. axb4 Kd5 41. b5 Rb1 42. b6 Kc4 43. Nc1 f4 44. Bxf4 Rxb6 45. Kd2 Rb2 46. Be5 Rb5 47. Bg3 Rg5 48. Ne2 Kb3 49. Kc1 Rd5 0-1

[Event "26th Klatovy A 2018"]
[Site "Klatovy CZE"]
[Date "2018.06.30"]
[Round "1.17"]
[White "Dvorak, Jan"]
[Black "Smid, Pavel"]
[Result "1-0"]
[WhiteElo "2210"]
[BlackElo "1964"]
[PlyCount "73"]
[EventDate "2018.06.30"]
[EventType "swiss"]
[EventRounds "9"]
[EventCountry "CZE"]

1. c4 e5 2. g3 Nf6 3. Bg2 d5 4. cxd5 Nxd5 5. Nc3 Nb6 6. Nf3 Nc6 7. O-O Be7 8. d3 Be6 9. Be3 O-O 10. a3 f6 11. b4 Nd4 12. Bxd4 exd4 13. Nb5 c5 14. bxc5 Bxc5 15. Qc2 Qe7 16. Nbxd4 Rac8 17. Qd2 Bd5 18. e4 Bf7 19. Nf5 Qd7 20. d4 Nc4 21. Qd3 Bb6 22. d5 Nb2 23. Qb3 Na4 24. Rac1 Nc5 25. Qb1 Rce8 26. Nd2 Bg6 27. Nh4 Qa4 28. Nxg6 hxg6 29. Nc4 Nb3 30. Rc3 Nd4 31. Nxb6 axb6 32. Qd3 Nb5 33. Rb3 Nd6 34. Rxb6 Nxe4 35. Rb4 Nc5 36. Qxg6 Qxa3 37. Rg4 1-0

[Event "26th Klatovy A 2018"]
[Site "Klatovy CZE"]
[Date "2018.06.30"]
[Round "1.18"]
[White "Kostelecky, Daniel"]
[Black "Kopta, Pavel"]
[Result "1/2-1/2"]
[WhiteElo "1953"]
[BlackElo "2210"]
[PlyCount "54"]
[EventDate "2018.06.30"]
[EventType "swiss"]
[EventRounds "9"]
[EventCountry "CZE"]

1. e4 c5 2. Nf3 d6 3. d4 cxd4 4. Nxd4 Nf6 5. Nc3 g6 6. f3 Bg7 7. Be3 O-O 8. Qd2 Nc6 9. O-O-O d5 10. Nxc6 bxc6 11. e5 Nd7 12. f4 Qa5 13. h4 e6 14. Kb1 Re8 15. h5 Rb8 16. hxg6 fxg6 17. Ne2 Qxd2 18. Bxd2 c5 19. Ba5 Nb6 20. Nc3 Rf8 21. g3 g5 22. Bd3 gxf4 23. Bxh7+ Kf7 24. Bxb6 Rxb6 25. gxf4 Rb4 26. Rdf1 Rh8 27. a3 Rb8 1/2-1/2

[Event "26th Klatovy A 2018"]
[Site "Klatovy CZE"]
[Date "2018.06.30"]
[Round "1.19"]
[White "Jelinek, Michal"]
[Black "Ondrejat, Miroslav"]
[Result "1-0"]
[WhiteElo "2204"]
[BlackElo "1948"]
[PlyCount "85"]
[EventDate "2018.06.30"]
[EventType "swiss"]
[EventRounds "9"]
[EventCountry "CZE"]

1. d4 Nf6 2. c4 e6 3. Nc3 c5 4. d5 exd5 5. cxd5 d6 6. Nf3 g6 7. e4 Bg7 8. Bg5 h6 9. Bh4 O-O 10. Nd2 a6 11. a4 Re8 12. Be2 Nbd7 13. f4 c4 14. Nxc4 g5 15. Nxd6 gxh4 16. Nxe8 Nxe8 17. Qc2 Qb6 18. O-O-O Nc5 19. Bf3 Bd7 20. e5 Rc8 21. d6 Nxa4 22. Bd5 Nxc3 23. bxc3 Ba4 24. Bxf7+ Kxf7 25. Qf5+ Nf6 26. Qxc8 Qe3+ 27. Rd2 Ne4 28. Qc4+ Kg6 29. Qd3 Qxd2+ 30. Qxd2 Nxd2 31. Kxd2 Kf7 32. Ke3 Bc6 33. Rd1 Ke6 34. g4 hxg3 35. hxg3 a5 36. g4 a4 37. Kd4 Bf3 38. Rg1 b5 39. Rg3 Bc6 40. Kc5 Bd7 41. Re3 a3 42. f5+ Kf7 43. e6+ 1-0

[Event "26th Klatovy A 2018"]
[Site "Klatovy CZE"]
[Date "2018.06.30"]
[Round "1.20"]
[White "Kunc, Jan"]
[Black "Vedral, Oldrich"]
[Result "0-1"]
[WhiteElo "1947"]
[BlackElo "2203"]
[PlyCount "138"]
[EventDate "2018.06.30"]
[EventType "swiss"]
[EventRounds "9"]
[EventCountry "CZE"]

1. d4 Nf6 2. Bf4 g6 3. Nc3 Bg7 4. e4 d6 5. Qd2 c6 6. Bh6 Bxh6 7. Qxh6 Qa5 8. f3 Nbd7 9. O-O-O b5 10. Kb1 b4 11. Nce2 Nb6 12. Nc1 Be6 13. Nb3 Qa4 14. Nh3 Bc4 15. Bd3 Qb5 16. Qg5 Qxg5 17. Nxg5 h6 18. Nh3 a5 19. Nd2 Bxd3 20. cxd3 Kd7 21. Nc4 Rhb8 22. Kc2 Ne8 23. Kd2 Nc7 24. Nf4 Nb5 25. d5 cxd5 26. Nxb6+ Rxb6 27. Nxd5 Rc6 28. Rc1 Rac8 29. Rxc6 Rxc6 30. Rc1 Rxc1 31. Kxc1 h5 32. Kd2 e6 33. Nb6+ Kc6 34. Nc4 a4 35. Ke3 e5 36. f4 f6 37. g3 Kc5 38. Na5 Nd4 39. Nb7+ Kc6 40. Na5+ Kb6 41. Nc4+ Kc5 42. Na5 a3 43. bxa3 bxa3 44. Nc4 Nb5 45. Kd2 exf4 46. gxf4 g5 47. e5 dxe5 48. fxg5 fxg5 49. Nxe5 Kd5 50. Nc4 Kd4 51. Ne3 Ke5 52. Ng2 g4 53. Ke3 Nd4 54. Nh4 Nf5+ 55. Nxf5 Kxf5 56. d4 h4 57. d5 Ke5 58. d6 Kxd6 59. Kf4 Kd5 60. Kxg4 Kd4 61. Kxh4 Kc3 62. Kg5 Kb2 63. h4 Kxa2 64. h5 Kb3 65. h6 a2 66. h7 a1=Q 67. Kg6 Qh8 68. Kh6 Kc4 69. Kg6 Kd5 0-1

[Event "26th Klatovy A 2018"]
[Site "Klatovy CZE"]
[Date "2018.06.30"]
[Round "1.21"]
[White "Furman, Boris"]
[Black "Novak, Martin"]
[Result "1-0"]
[WhiteElo "2203"]
[BlackElo "1945"]
[PlyCount "59"]
[EventDate "2018.06.30"]
[EventType "swiss"]
[EventRounds "9"]
[EventCountry "CZE"]

1. d4 d5 2. c4 e6 3. cxd5 exd5 4. Nc3 c6 5. Qc2 Nf6 6. Bg5 Be7 7. e3 Nbd7 8. Bd3 O-O 9. Nf3 Re8 10. O-O Nf8 11. h3 Ng6 12. Ne5 Nh5 13. Bxe7 Qxe7 14. f4 f5 15. Qf2 Nxe5 16. fxe5 g6 17. Ne2 Ng7 18. h4 a5 19. Nf4 Be6 20. Rac1 Bf7 21. Qg3 Kh8 22. Rc2 Ne6 23. Nxe6 Qxe6 24. h5 Rg8 25. hxg6 hxg6 26. Qg5 Rg7 27. g4 Rf8 28. Rh2+ Kg8 29. Qh6 Be8 30. Bxf5 1-0

[Event "26th Klatovy A 2018"]
[Site "Klatovy CZE"]
[Date "2018.06.30"]
[Round "1.22"]
[White "Novy, Daniel"]
[Black "Toman, Ondrej"]
[Result "0-1"]
[WhiteElo "1941"]
[BlackElo "2197"]
[PlyCount "98"]
[EventDate "2018.06.30"]
[EventType "swiss"]
[EventRounds "9"]
[EventCountry "CZE"]

1. e4 c6 2. d4 d5 3. exd5 cxd5 4. Bd3 Nc6 5. Be3 g6 6. c3 Nh6 7. h3 Nf5 8. Nf3 Nxe3 9. fxe3 e5 10. dxe5 Bg7 11. O-O O-O 12. e4 Nxe5 13. exd5 Qxd5 14. Bc2 Qc5+ 15. Kh1 Be6 16. Nbd2 Rad8 17. Qe1 Nd3 18. Bxd3 Rxd3 19. Nb3 Qh5 20. Qf2 Rfd8 21. Nbd4 Bd5 22. Qe2 Bxf3 23. Nxf3 Qd5 24. Qe7 Bf8 25. Qh4 h6 26. Rae1 Bg7 27. a3 Qd6 28. Qc4 Rd5 29. Qa4 a6 30. Re8+ Rxe8 31. Qxe8+ Qf8 32. Re1 Rd8 33. Qe4 b5 34. Qc6 Qd6 35. Qb7 Bf6 36. Qe4 Qg3 37. Rf1 Kg7 38. Qe1 Qc7 39. Nh2 h5 40. Qf2 Rd6 41. Nf3 Qc4 42. Re1 Qf4 43. Kg1 Bd8 44. Kh1 Bc7 45. Qe2 Re6 46. Qd1 Rf6 47. Qd3 Qg3 48. Qd4 g5 49. Re2 g4 0-1

[Event "26th Klatovy A 2018"]
[Site "Klatovy CZE"]
[Date "2018.06.30"]
[Round "1.23"]
[White "Soural, Jan"]
[Black "Novotny, Jaroslav2"]
[Result "1-0"]
[WhiteElo "2192"]
[BlackElo "1933"]
[PlyCount "45"]
[EventDate "2018.06.30"]
[EventType "swiss"]
[EventRounds "9"]
[EventCountry "CZE"]

1. d4 Nf6 2. c4 e6 3. g3 d5 4. Nf3 Be7 5. Bg2 O-O 6. O-O Na6 7. Nc3 Bd7 8. Ne5 Be8 9. b3 c6 10. Bb2 Nd7 11. Nxd7 Qxd7 12. e4 dxc4 13. bxc4 Rd8 14. Qb3 Qc8 15. Rfe1 Bd7 16. e5 Rfe8 17. Rad1 Bf8 18. Ne4 b6 19. Bc1 h6 20. Bxh6 Qc7 21. Qf3 Bc8 22. Qg4 Kh8 23. Bg5 1-0

[Event "26th Klatovy A 2018"]
[Site "Klatovy CZE"]
[Date "2018.06.30"]
[Round "1.24"]
[White "Cecil, Pavel"]
[Black "Hadraba, Vladimir"]
[Result "0-1"]
[WhiteElo "1924"]
[BlackElo "2192"]
[PlyCount "46"]
[EventDate "2018.06.30"]
[EventType "swiss"]
[EventRounds "9"]
[EventCountry "CZE"]

1. d4 Nf6 2. Nf3 g6 3. g3 Bg7 4. Bg2 O-O 5. O-O d6 6. c3 Nbd7 7. Qc2 c5 8. Rd1 Qc7 9. e4 cxd4 10. Nxd4 a6 11. Qe2 Nc5 12. Nd2 Bg4 13. f3 Bd7 14. Bf1 Rfe8 15. N2b3 Rad8 16. Be3 Na4 17. Rab1 d5 18. exd5 Nxd5 19. Bf2 e5 20. Nc2 Bf5 21. Rxd5 Rxd5 22. Ne3 Bxb1 23. Nxd5 Qd8 0-1

[Event "26th Klatovy A 2018"]
[Site "Klatovy CZE"]
[Date "2018.06.30"]
[Round "1.25"]
[White "Simunek, Filip"]
[Black "Kovar, Petr"]
[Result "1-0"]
[WhiteElo "2184"]
[BlackElo "1911"]
[PlyCount "91"]
[EventDate "2018.06.30"]
[EventType "swiss"]
[EventRounds "9"]
[EventCountry "CZE"]

1. d4 d5 2. c4 c6 3. Nc3 Nf6 4. cxd5 cxd5 5. Bf4 e6 6. e3 Bd6 7. Bb5+ Nc6 8. Bg5 O-O 9. Nge2 Be7 10. O-O Bd7 11. Bd3 Nh5 12. Bxe7 Qxe7 13. a3 Rac8 14. Qd2 Na5 15. Nxd5 Qd8 16. Ne7+ Qxe7 17. Qxa5 Nf6 18. Qxa7 Bc6 19. Qc5 Qxc5 20. dxc5 Rfd8 21. Nd4 Be8 22. b4 e5 23. Nf5 Rc7 24. Rfd1 g6 25. Nd6 Ba4 26. Rdc1 Kf8 27. Kf1 Ne8 28. Nxe8 Kxe8 29. Ke2 Rcd7 30. Bc4 e4 31. Ra2 Ke7 32. f3 f5 33. fxe4 fxe4 34. Rf1 Rf8 35. Rxf8 Kxf8 36. Rd2 Rc7 37. Rd4 Re7 38. Bd5 Bc6 39. Bxc6 bxc6 40. a4 Kf7 41. b5 cxb5 42. axb5 Re5 43. Rc4 Ke7 44. b6 Kd7 45. c6+ Kc8 46. Ra4 1-0